| 000 | 01841nam a2200529 i 4500 | ||
|---|---|---|---|
| 001 | 31382 | ||
| 003 | KOSZ 005 | ||
| 005 | 20220620103139.0 | ||
| 008 | 980627s1997 pl a f |001 0 pol | ||
| 015 | _aUWD 2001/15775 | ||
| 020 | _a8320420555 | ||
| 020 | _a832042058X | ||
| 035 | _a991003711229705066 | ||
| 035 | _a(PL-WaBN)b10991311-48omnis_nlop | ||
| 035 | _ab10991311 | ||
| 035 | _a(OCoLC)830090709 | ||
| 035 | _a(PL)b0000001099131 | ||
| 035 | _a(EXLNZ-48OMNIS_NETWORK)9910123021405606 | ||
| 040 |
_aWA N _cWA N _dKOSZ 005/HR |
||
| 041 | 1 |
_apol _heng |
|
| 046 | _k1994 | ||
| 080 | _a004.057.4 | ||
| 080 | _a004.738.5 | ||
| 080 | _a(07) | ||
| 100 | 1 |
_aComer, Douglas _eAutor |
|
| 245 | 1 | 0 |
_aSieci komputerowe TCP/IP. _n3, _pProgramowanie w trybie klient-serwer : wersja BSD / _cDouglas E. Comer, David L. Stevens ; z ang. przeł. Piotr Parewicz. |
| 246 | 1 |
_iTyt. oryg.: _aInternetworking with TCP/IP, _f1994 |
|
| 246 | 3 | 0 |
_aProgramowanie w trybie klient-serwer : _bwersja BSD |
| 260 |
_aWarszawa : _bWydawnictwa Naukowo-Techniczne, _c1997. |
||
| 300 |
_a542, [2] s. : _bil. ; _c24 cm. |
||
| 336 |
_aTekst _btxt _2rdacontent |
||
| 337 |
_aBez urządzenia pośredniczącego _bn _2rdamedia |
||
| 338 |
_aWolumin _bnc _2rdacarrier |
||
| 380 | _aKsiążki | ||
| 388 | _a1901-2000 | ||
| 388 | _a1989-2000 | ||
| 504 | _aBibliogr. - Indeks. | ||
| 650 | 7 |
_aTCP/IP (protokół) _2DBN |
|
| 655 | 7 |
_aPodręcznik _2DBN |
|
| 658 | _aInformatyka i technologie informacyjne | ||
| 700 | 1 |
_aParewicz, Piotr _eTłumaczenie |
|
| 700 | 1 |
_aStevens, David L. _d(1962- ) _eAutor |
|
| 710 | 2 |
_aWydawnictwa Naukowo-Techniczne _4pbl |
|
| 856 |
_uhttp://koha.tu.koszalin.pl/cgi-bin/koha/opac-detail.pl?biblionumber=31382 _yKatalog online BPK |
||
| 942 |
_2UKD _cKS |
||
| 999 |
_c31382 _d31382 |
||